| 000 | 00700nam a2200193 i 4500 | ||
|---|---|---|---|
| 001 | 45704 | ||
| 003 | ES-MaACL | ||
| 005 | 20230906161250.0 | ||
| 007 | t| | ||
| 008 | 030326s1961 sp ||||1| spa d | ||
| 100 | 1 |
_aColombo, Giuseppe. _939834 |
|
| 245 | 1 | 0 |
_aManual del ingeniero civil e industrial / _cpor Giuseppe Colombo, Carlo Rossi ; con la colaboración de Luigi Cucco ; traducción y adaptación de Miguel Cardelús Carrera. |
| 260 |
_aBarcelona : _bEd. Científico-Médica, _c1961. |
||
| 300 |
_aXX, 1849 p. : _bil. ; _c16 cm. |
||
| 700 | 1 |
_aRossi, Carlo. _999865 |
|
| 700 | 1 |
_aCucco, Luigi. _941952 |
|
| 700 | 1 |
_aCardelús Carrera, Miguel. _935124 |
|
| 852 |
_aES-MaACL _jC-20289 _bR.49036 |
||
| 999 |
_c45704 _d45704 |
||